000
00320nam a22001337a 4500
008
250506b |||||||| |||| 00| 0 eng d
020
_a
0451404327
050
_a
PS3553.0843
_b
.C68
100
_a
Coulter Catherine
245
_a
The Rebel Bride
260
_a
New York
_b
Penguin group
_c
1994
300
_a
377p.
942
_c
BK
999
_c
3309
_d
3309